Piosenki Cjalisa - Blok ekipa - Statystyki

Ogólne statystyki
  • Ten quiz został rozwiązany 189 razy
  • Średni wynik to 7 z 14
Statystyki odpowiedzi
Wers Piosenka % Poprawnych
Dziewczyno za pół stówy, to ja chce bez gumy! Ciuralla
81%
Tak śpiewa cały Grochów po nocy. HWDP JP 100%
80%
Nie pobrudź se ze strachu majtek. Fajter
66%
Na obwodnicy tnę lewym pasem. Autodancing
65%
Czwarty raz do niej dzwonię, ona ciągle nie odbiera. Królowa dzielni
61%
nie zauważył, że matka stoi za nim. Melanż u Dzikiego
60%
Ja mam talent jeden dobry ja mam dryg do chlania. Wódeczko wódeczko
53%
1,2,3,4, dzisiaj zrobię sobie plery Omnadrenowy Rycerz
50%
I przykładowo jak masz remont w domu, Egzorcysta
48%
Wurstschwanz Romantica
47%
ten jest chyba z zagranicy U siebie rób jak u siebie
45%
Setka wódki chlast Egzorcysta 2
32%
W gacie chyba zerżnął się Necrodżentelmenel
18%
Diabeł w monopolu Podwójna Spluwa Egzorcysty
9%
Nie znaleziono quizów pasujących do podanych kryteriów
Rozkład punktacji
Procent ludzi z każdym wynikiem
Percentyl według liczby udzielonych odpowiedzi
Twoja historia wyników
Nie rozwiązałeś tego quizu